000
00259nam a2200097Ia 4500
001
653729
005
20250826154504.0
008
250824s9999 xx 000 0 und d
245
0
_a
BALONLU SAKIZ AĞACI
_c
ALEXANDER MCALL SMİTH
260
_b
GÜNIŞIĞI YAYINLARI
999
_c
653729
_d
653729